| 000 | 00607nam a2200193Ia 4500 | ||
|---|---|---|---|
| 005 | 20250508161930.0 | ||
| 008 | 008 250505s9999 xx 000 0 eng d | ||
| 037 | _aDissertations | ||
| 040 |
_aFEDL _beng _cFEDL |
||
| 041 |
_aeng _2eng |
||
| 084 |
_a530, MIT/DI _qFEDL |
||
| 100 | _aMaitra Krishna | ||
| 245 | 0 | _aIdentification of talents in physics in reference to concept formation with a bias on language as an operational medium | |
| 260 | _c1979 | ||
| 300 | _a104p. | ||
| 546 | _aM. Ed. Dissertation (Delhi University) | ||
| 942 |
_cDIS _h530, MIT/DI |
||
| 999 |
_c1373317 _d1373317 |
||